Statistics for World Cities With the Most Billionaires

Click here to take the quiz!

General Stats

  • This quiz has been taken 936 times
    (462 since last reset)
  • The average score is 14 of 19

Answer Stats

Rank#of BillionairesCountryCity% Correct
1145ChinaBeijing
97%
3112United StatesNew York City
97%
5 (tie)82United KingdomLondon
95%
668RussiaMoscow
94%
1244FranceParis
89%
2113ChinaShanghai
88%
1532South KoreaSeoul
87%
14 (tie)35SingaporeSingapore
85%
1151ThailandBangkok
84%
1728TurkeyIstanbul
84%
1340IndiaNew Delhi
81%
960IndiaMumbai
80%
14 (tie)35BrazilSao Paulo
80%
1056United StatesSan Francisco
71%
5 (tie)82ChinaHong Kong
64%
4105ChinaShenzhen
48%
861ChinaGuangzhou
38%
766ChinaHangzhou
18%
1631ChinaFoshan
4%

Score Distribution

Percentile by Number Answered

Percent of People with Each Score

Your Score History

You have not taken this quiz since the last reset